Statistiken für Bundesliga Rekordtransfers

Klicken Sie hier um das Quiz zu spielen!

Allgemein

  • Dieses Quiz wurde 293 mal gespielt
  • Das Durchschnittsergebnis liegt bei 7 aus 15

Antwortstatistiken

SaisonAblöse (in Euro)Spieler% Korrekt
2017/18140 Mio.Ousmane Dembélé
80%
2022/2360 Mio.Erling Haaland
76%
2021/2285 Mio.Jason Sancho
67%
2016/1752 Mio.Leroy Sané
64%
2020/2149 Mio.Leroy Sané
64%
2019/2080 Mio.Lucas Hernández
64%
2020/2180 Mio.Kai Havertz
50%
2022/2367 Mio.Matthijs de Ligt
48%
2020/2153 Mio.Timo Werner
43%
2017/1863,75 MioPierre-Emerick Aubameyang
42%
2015/1676 Mio.Kevin de Bruyne
37%
2018/1964 Mio.Christian Pulisic
24%
2019/2050 MioSébastien Haller
21%
2019/2063 Mio.Luka Jović
20%
2018/1960 Mio.Naby Keïta
12%

Verteilung der Resultate

Perzentil nach korrekt beantworteten Fragen

Anzahl Personen mit jedem Resultat

Ihre Resultats-Entwicklung

Sie haben dieses Quiz noch nicht gespielt